Guess the Taylor Swift Song (Fearless TV) 22 - Statistics

General Stats
  • This quiz has been taken 9 times
  • The average score is 199 of 276
Answer Stats
Answer % Correct
a
100%
all
100%
I
100%
"I
100%
in
100%
love
100%
me
100%
of
100%
on
100%
to
100%
you
100%
you"
100%
You
100%
your
100%
am
86%
are
86%
be
86%
but
86%
But
86%
feel
86%
I'm
86%
is
86%
my
86%
no
86%
not
86%
off
86%
one
86%
see
86%
So
86%
the
86%
This
86%
When
86%
when
86%
with
86%
and
71%
And
71%
can't
71%
eyes
71%
face
71%
from
71%
girl
71%
Give
71%
help
71%
I'd
71%
Just
71%
like
71%
name
71%
never
71%
saw
71%
Tell
71%
that
71%
There
71%
up
71%
who
71%
wish
71%
about
57%
again
57%
another
57%
around
57%
could
57%
desperately
57%
down
57%
dreaming
57%
Every
57%
eyed
57%
first
57%
hang
57%
knew
57%
night
57%
photograph
57%
scream
57%
sing
57%
special
57%
Superstar
57%
take
57%
things
57%
town
57%
wall
57%
Who's
57%
wide
57%
You'll
57%
you'll
57%
ain't
43%
baby
43%
beautiful
43%
counting
43%
dim
43%
everyone
43%
front
43%
girls
43%
more
43%
nothing
43%
play
43%
right,
43%
row
43%
sleep
43%
smile,
43%
smile
43%
spotlight
43%
wrong,
43%
bars,
29%
breaking
29%
comes
29%
guitar
29%
invisible
29%
knows
29%
loneliness
29%
Misty
29%
morning
29%
Morning
29%
note
29%
played
29%
radio
29%
rules
29%
today
29%
wakes
29%
ways
29%
world
29%
No matching quizzes found
Score Distribution
Percent of People with Each Score
Percentile by Number Answered
Your Score History
You have not taken this quiz